[Event "Svetla nad Sazavou Mares Memorial"]
[Site "Svetla nad Sazavou"]
[Date "2023.12.29"]
[Round "9"]
[White "Broz, Petr"]
[Black "Vojta, Tomas"]
[Result "0-1"]
[WhiteElo "1934"]
[BlackElo "2366"]
[PlyCount "162"]
[EventDate "2023.12.29"]
[EventType "swiss"]
[EventRounds "9"]
[EventCountry "CZE"]
[SourceTitle "CBM 218 Extra"]
[Source "ChessBase"]
[SourceDate "2024.03.31"]
[SourceVersion "1"]
[SourceVersionDate "2024.03.31"]
[SourceQuality "1"]

1. e4 d5 2. exd5 Nf6 3. Bb5+ Nbd7 4. c4 a6 5. Bxd7+ Qxd7 6. Nf3 Qg4 7. 0-0 Qxc4 8. d4 Qxd5 9. Nc3 Qd8 10. Bg5 Bg4 11. h3 Bxf3 12. Qxf3 c6 13. d5 Nxd5 14. Nxd5 Qxd5 15. Qg4 Qd7 16. Qf3 e6 17. Rfd1 Qc7 18. Bf4 Qb6 19. Rd3 Qxb2 20. Rc1 Be7 21. Rb3 Qf6 22. Rxb7 0-0 23. Qg3 Rfe8 24. Rxc6 Bf8 25. Be5 Qg6 26. Qxg6 hxg6 27. Bd6 Rec8 28. Rxc8 Rxc8 29. Bxf8 Kxf8 30. Ra7 Rc1+ 31. Kh2 Rc2 32. Rxa6 Rxf2 33. Kg3 Rd2 34. a4 Ke7 35. Ra8 Kf6 36. a5 Ra2 37. a6 g5 38. a7 Kg6 39. Kf3 f5 40. Re8 Rxa7 41. Rxe6+ Kh5 42. Re3 Ra4 43. Rb3 Kh4 44. Rb7 g4+ 45. hxg4 Rxg4 46. Rf7 g6 47. Rh7+ Kg5 48. Ra7 Rb4 49. Ra3 Kh4 50. Rc3 g5 51. Kf2 Rb2+ 52. Kg1 f4 53. Rf3 Kg4 54. Ra3 Kf5 55. Ra5+ Kg4 56. Ra3 Re2 57. Kf1 Re3 58. Ra5 Kh4 59. Kf2 g4 60. Ra4 g3+ 61. Kf1 Kg4 62. Ra1 Rb3 63. Kg1 Kf5 64. Kf1 Ke4 65. Re1+ Re3 66. Ra1 Rc3 67. Re1+ Kd3 68. Rd1+ Ke4 69. Ra1 Rc2 70. Rd1 Rf2+ 71. Kg1 Ke3 72. Ra1 Rd2 73. Re1+ Re2 74. Ra1 Rd2 75. Re1+ Kd3 76. Ra1 Ke2 77. Rf1 Rd1 78. Rxd1 Kxd1 79. Kf1 Kd2 80. Kg1 Ke1 81. Kh1 f3 0-1

[Event "CZE-ch Youth"]
[Site "Teplice"]
[Date "2023.03.13"]
[Round "3"]
[White "Sadil, Antonin"]
[Black "Broz, Petr"]
[Result "1/2-1/2"]
[WhiteElo "1683"]
[BlackElo "1993"]
[PlyCount "96"]
[EventDate "2023.03.11"]
[EventType "tourn"]
[EventRounds "9"]
[EventCountry "CZE"]
[SourceTitle "CBM 213 Extra"]
[Source "ChessBase"]
[SourceDate "2023.05.31"]
[SourceVersion "1"]
[SourceVersionDate "2023.05.31"]
[SourceQuality "1"]

1. c4 Nf6 2. g3 g6 3. Bg2 Bg7 4. Nf3 0-0 5. Nc3 d6 6. 0-0 c5 7. d3 Nc6 8. a3 a5 9. Rb1 Bg4 10. h3 Bxf3 11. Bxf3 Qd7 12. Bg2 Rab8 13. Nb5 Ne8 14. b3 Nc7 15. Nxc7 Qxc7 16. Bb2 b5 17. Bxg7 Kxg7 18. Bxc6 Qxc6 19. Qd2 bxc4 20. bxc4 a4 21. Rb2 d5 22. Rfb1 Rxb2 23. Qxb2+ f6 24. Qb6 Qxb6 25. Rxb6 dxc4 26. dxc4 Rd8 27. Ra6 Rd2 28. e3 Rc2 29. Rxa4 Kf7 30. Kg2 h5 31. Kf3 Ke6 32. g4 h4 33. Ra6+ Ke5 34. Ra7 e6 35. a4 Rxc4 36. a5 Ra4 37. Ra8 f5 38. gxf5 exf5 39. a6 Kf6 40. a7 Kg7 41. Rc8 Rxa7 42. Rxc5 Ra4 43. Rc1 Kh6 44. Re1 Re4 45. Rg1 Kh5 46. Rd1 Ra4 47. Kg2 Rb4 48. Rc1 Ra4 1/2-1/2

[Event "CZE-chT2C 2223"]
[Site "Czech Republic"]
[Date "2022.12.18"]
[Round "5.3"]
[White "Sykora, Marek1"]
[Black "Broz, Petr"]
[Result "1-0"]
[WhiteElo "2246"]
[BlackElo "2043"]
[PlyCount "133"]
[EventDate "2022.10.16"]
[EventType "team-tourn"]
[EventRounds "11"]
[EventCountry "CZE"]
[SourceTitle "EXT 2024"]
[Source "ChessBase"]
[SourceDate "2023.10.10"]
[SourceVersion "1"]
[SourceVersionDate "2023.10.10"]
[SourceQuality "1"]
[WhiteTeam "Turnov Zikuda II"]
[BlackTeam "Kutna Hora"]
[WhiteTeamCountry "CZE"]
[BlackTeamCountry "CZE"]

1. e4 e6 2. d4 d5 3. e5 c5 4. c3 Qb6 5. Nf3 Bd7 6. Be2 cxd4 7. cxd4 Bb5 8. 0-0 Bxe2 9. Qxe2 Nc6 10. Be3 Nge7 11. Nc3 a6 12. Na4 Qb4 13. b3 Nf5 14. Rfd1 h5 15. Rac1 Be7 16. Nc5 Bxc5 17. dxc5 Qe4 18. Qd3 Nxe3 19. Qxe3 Qxe3 20. fxe3 h4 21. g4 hxg3 22. hxg3 Ke7 23. Kg2 Rac8 24. a3 a5 25. b4 axb4 26. axb4 Rc7 27. Rb1 Ra8 28. Rd2 Ra4 29. Rdb2 Ra3 30. Kf2 Rc3 31. Rh1 g5 32. Nxg5 Nxe5 33. Re2 Kf6 34. Nf3 Ng4+ 35. Kg1 Rxe3 36. Rxe3 Nxe3 37. Kf2 Nc4 38. Nd4 b6 39. Nb5 Rc8 40. Na7 Ra8 41. Ra1 bxc5 42. bxc5 Ne5 43. Ke3 Nc6 44. Rf1+ Kg5 45. Nxc6 Rc8 46. Ne5 Rxc5 47. Rxf7 Rc3+ 48. Kf2 Ra3 49. Nf3+ Kg6 50. Rf8 Ra2+ 51. Ke3 Ra3+ 52. Kf2 Ra2+ 53. Kg1 Re2 54. Kf1 Ra2 55. Nd4 Kg5 56. Nxe6+ Kg4 57. Rg8+ Kf3 58. Nd4+ Ke3 59. Rg4 Rf2+ 60. Kg1 Rf6 61. Kg2 Rf2+ 62. Kh3 Rf8 63. Ne6 Rf6 64. Nf4 Rh6+ 65. Rh4 Rd6 66. Rh5 d4 67. Rd5 1-0

[Event "CZE-chT2C 2223"]
[Site "Czech Republic"]
[Date "2022.11.20"]
[Round "3.5"]
[White "Broz, Petr"]
[Black "Hosticka, Frantisek"]
[Result "1/2-1/2"]
[WhiteElo "2043"]
[BlackElo "2024"]
[PlyCount "107"]
[EventDate "2022.10.16"]
[EventType "team-tourn"]
[EventRounds "11"]
[EventCountry "CZE"]
[SourceTitle "EXT 2024"]
[Source "ChessBase"]
[SourceDate "2023.10.10"]
[SourceVersion "1"]
[SourceVersionDate "2023.10.10"]
[SourceQuality "1"]
[WhiteTeam "Kutna Hora"]
[BlackTeam "Kolin"]
[WhiteTeamCountry "CZE"]
[BlackTeamCountry "CZE"]

1. e4 Nf6 2. Nc3 d5 3. exd5 Nxd5 4. Nxd5 Qxd5 5. d4 Bf5 6. Be2 Nc6 7. Nf3 0-0-0 8. c3 e5 9. 0-0 exd4 10. cxd4 Nxd4 11. Nxd4 Qxd4 12. Qxd4 Rxd4 13. Be3 Ra4 14. a3 Bd6 15. b4 Be5 16. Bb5 Bxa1 17. Rxa1 Bd7 18. Bxa4 Bxa4 19. Rc1 a6 20. Rc3 Rd8 21. h3 f6 22. Bc5 Bb5 23. Kh2 Rd3 24. Rxd3 Bxd3 25. Kg3 Kd7 26. h4 Ke6 27. Kf4 b6 28. Bd4 Kd5 29. Ke3 Bc2 30. Bc3 Kc4 31. Kd2 Kb3 32. a4 Bf5 33. a5 b5 34. g4 Bb1 35. g5 fxg5 36. hxg5 g6 37. Be5 Kxb4 38. Bxc7 Bf5 39. Bd8 Kc4 40. Bf6 Kb4 41. Bd8 Kc4 42. Bf6 b4 43. Kc1 Kb3 44. Be5 Ka2 45. Bf6 Ka3 46. Be7 Be4 47. f4 Ka4 48. Bd8 Kb3 49. Bf6 Bf5 50. Be5 Be4 51. Bf6 Ka2 52. Be5 b3 53. Bf6 Ka3 54. Be7+ 1/2-1/2

[Event "Brno op"]
[Site "Brno"]
[Date "2022.11.14"]
[Round "3"]
[White "Richterova, Natasa"]
[Black "Broz, Petr"]
[Result "1-0"]
[WhiteElo "2170"]
[BlackElo "2037"]
[PlyCount "71"]
[EventDate "2022.11.12"]
[EventType "swiss"]
[EventRounds "9"]
[EventCountry "CZE"]
[SourceTitle "CBM 211 Extra"]
[Source "ChessBase"]
[SourceDate "2023.01.31"]
[SourceVersion "1"]
[SourceVersionDate "2023.01.31"]
[SourceQuality "1"]

1. e4 e6 2. d4 d5 3. Nd2 a6 4. Ngf3 c5 5. exd5 exd5 6. dxc5 Bxc5 7. Bd3 Qe7+ 8. Be2 Nf6 9. 0-0 0-0 10. Nb3 Ba7 11. Bg5 Nc6 12. c3 Qd6 13. Bxf6 Qxf6 14. Qxd5 Bg4 15. Rae1 Rad8 16. Qg5 Qxg5 17. Nxg5 Bf5 18. Nf3 Rfe8 19. Bc4 b5 20. Bd5 Ne7 21. Be4 Be6 22. Rd1 Bc4 23. Rxd8 Rxd8 24. Re1 Ng6 25. Na5 Bb6 26. Nxc4 bxc4 27. Bxg6 hxg6 28. g3 Kf8 29. Re2 Rd5 30. Ne5 Bd8 31. Nxc4 Bg5 32. f4 Be7 33. Kg2 Bc5 34. Kf3 f6 35. Ke4 Rd1 36. Rd2 1-0

[Event "CZE-ch Betsys Online Blitz"]
[Site "Chess.com INT"]
[Date "2021.04.17"]
[Round "6"]
[White "Broz, Petr"]
[Black "Bures, Jaroslav"]
[Result "1-0"]
[WhiteElo "1892"]
[BlackElo "2395"]
[PlyCount "100"]
[EventDate "2021.04.17"]
[EventType "swiss (blitz)"]
[EventRounds "13"]
[EventCountry "CZE"]
[SourceTitle "CBM 201 Extra"]
[Source "ChessBase"]
[SourceDate "2021.05.31"]
[SourceVersion "1"]
[SourceVersionDate "2021.05.31"]
[SourceQuality "1"]

1. e4 c6 2. d4 d5 3. exd5 cxd5 4. Nf3 Nc6 5. Nc3 Bg4 6. Be2 e6 7. 0-0 Bd6 8. Be3 Nge7 9. h3 Bh5 10. Qd2 f6 11. Bf4 e5 12. dxe5 fxe5 13. Nxe5 Nxe5 14. Bxh5+ g6 15. Bxe5 Bxe5 16. Bf3 Bxc3 17. Qxc3 0-0 18. Rad1 Rc8 19. Qd3 Qa5 20. Rfe1 Rf7 21. Bg4 Nf5 22. c3 Qxa2 23. Qxd5 Qxd5 24. Rxd5 Rcf8 25. Bxf5 Rxf5 26. Rd7 Rxf2 27. Ree7 Rf1+ 28. Kh2 R8f7 29. Rxb7 Rxe7 30. Rxe7 a5 31. Rb7 Rb1 32. Kg3 a4 33. Rb4 Ra1 34. Kf4 a3 35. bxa3 Rxa3 36. c4 Rc3 37. Ke4 Rc2 38. g4 Kf7 39. Kd5 Kf6 40. Rb3 Kg5 41. c5 Rd2+ 42. Ke4 Rc2 43. Kd4 Kf6 44. Rc3 Rd2+ 45. Ke4 Ke7 46. c6 Rd8 47. c7 Rc8 48. Ke5 Kd7 49. Kf6 Rxc7 50. Rxc7+ Kxc7 1-0

[Event "CZE-ch Betsys Online Blitz"]
[Site "Chess.com INT"]
[Date "2021.04.17"]
[Round "10"]
[White "Pirklova, Hana"]
[Black "Broz, Petr"]
[Result "0-1"]
[WhiteElo "2108"]
[BlackElo "1892"]
[PlyCount "42"]
[EventDate "2021.04.17"]
[EventType "swiss (blitz)"]
[EventRounds "13"]
[EventCountry "CZE"]
[SourceTitle "CBM 201 Extra"]
[Source "ChessBase"]
[SourceDate "2021.05.31"]
[SourceVersion "1"]
[SourceVersionDate "2021.05.31"]
[SourceQuality "1"]

1. e4 e6 2. d4 d5 3. e5 c5 4. c3 Nc6 5. Nf3 Nge7 6. Bd3 Ng6 7. 0-0 cxd4 8. cxd4 Be7 9. Nc3 a6 10. Be3 b5 11. a3 Rb8 12. Rc1 Bd7 13. Qd2 Na5 14. Rc2 Nc4 15. Qc1 a5 16. Bg5 h6 17. Bxe7 Qxe7 18. b3 Nxa3 19. Ra2 b4 20. Na4 Bxa4 21. bxa4 0-0 0-1

[Event "CZE-ch Betsys Online Blitz"]
[Site "Chess.com INT"]
[Date "2021.04.17"]
[Round "9"]
[White "Vecera, Pavel"]
[Black "Broz, Petr"]
[Result "1-0"]
[WhiteElo "2099"]
[BlackElo "1892"]
[PlyCount "77"]
[EventDate "2021.04.17"]
[EventType "swiss (blitz)"]
[EventRounds "13"]
[EventCountry "CZE"]
[SourceTitle "CBM 201 Extra"]
[Source "ChessBase"]
[SourceDate "2021.05.31"]
[SourceVersion "1"]
[SourceVersionDate "2021.05.31"]
[SourceQuality "1"]

1. e4 e6 2. d4 d5 3. Nc3 Nf6 4. e5 Nfd7 5. Nf3 c5 6. dxc5 Bxc5 7. Bd3 Nc6 8. Bf4 b6 9. 0-0 Bb7 10. a3 Be7 11. Re1 0-0 12. h4 Nc5 13. Bxh7+ Kxh7 14. Ng5+ Bxg5 15. Bxg5 Qe8 16. Qh5+ Kg8 17. Bf6 Ne7 18. Qg5 Ng6 19. h5 gxf6 20. exf6 Nd7 21. hxg6 fxg6 22. Rxe6 Qf7 23. Re7 Qxf6 24. Qxf6 Nxf6 25. Rxb7 d4 26. Ne2 Rfd8 27. Rd1 Rac8 28. Rxd4 Re8 29. Nc3 Re1+ 30. Kh2 Rc1 31. Rf4 Rf8 32. g3 Rxc2 33. Kg2 g5 34. Rd4 Rf7 35. Rxf7 Kxf7 36. Rb4 Ke7 37. Rb5 g4 38. Nd5+ Nxd5 39. Rxd5 1-0

[Event "Ceske Budejovice op-A"]
[Site "Ceske Budejovice"]
[Date "2020.07.08"]
[Round "8"]
[White "Lang, Simon"]
[Black "Broz, Petr"]
[Result "0-1"]
[WhiteElo "1763"]
[BlackElo "1994"]
[PlyCount "50"]
[EventDate "2020.07.01"]
[EventType "swiss"]
[EventRounds "9"]
[EventCountry "CZE"]
[SourceTitle "CBM 197 Extra"]
[Source "ChessBase"]
[SourceDate "2020.09.30"]
[SourceVersion "1"]
[SourceVersionDate "2020.09.30"]
[SourceQuality "1"]

1. e4 e5 2. f4 exf4 3. Nf3 d6 4. Bc4 h6 5. 0-0 g5 6. g3 Bg7 7. d4 Ne7 8. Nc3 Nbc6 9. gxf4 g4 10. Nh4 Bxd4+ 11. Kh1 Bf6 12. Nf5 Bxf5 13. exf5 Qd7 14. Re1 Bxc3 15. bxc3 Qxf5 16. Rb1 0-0-0 17. Bd2 g3 18. Rb5 d5 19. Bf1 gxh2 20. Re3 Qd7 21. Qb1 Rhg8 22. Bg2 Rxg2 23. Kxg2 Qg4+ 24. Kh1 Rg8 25. Rg3 Qxg3 0-1

[Event "Ceske Budejovice op-A"]
[Site "Ceske Budejovice"]
[Date "2020.07.01"]
[Round "1"]
[White "Broz, Petr"]
[Black "Pulpan, Jakub"]
[Result "1/2-1/2"]
[WhiteElo "1994"]
[BlackElo "2410"]
[PlyCount "158"]
[EventDate "2020.07.01"]
[EventType "swiss"]
[EventRounds "9"]
[EventCountry "CZE"]
[SourceTitle "CBM 197 Extra"]
[Source "ChessBase"]
[SourceDate "2020.09.30"]
[SourceVersion "1"]
[SourceVersionDate "2020.09.30"]
[SourceQuality "1"]

1. e4 c5 2. b4 cxb4 3. a3 bxa3 4. d4 d6 5. Nf3 Nf6 6. Bd3 g6 7. 0-0 Bg7 8. Bxa3 0-0 9. Nbd2 Nfd7 10. Re1 Nc6 11. c3 b6 12. h4 h5 13. Qb3 Na5 14. Qa2 Nf6 15. Ng5 Nh7 16. Ndf3 Bh6 17. e5 Bxg5 18. hxg5 e6 19. exd6 Nxg5 20. Nxg5 Qxg5 21. Re5 Qf6 22. d7 Bxd7 23. Bxf8 Rxf8 24. Rae1 Rc8 25. Qa3 Bc6 26. R1e3 Bd5 27. Rg3 h4 28. Rg4 Nc4 29. Bxc4 Bxc4 30. Qxa7 Bd3 31. Qa1 Bf5 32. Rf4 Qg5 33. Rf3 Qh6 34. Qe1 Bg4 35. Qe3 Qh8 36. Rf4 Bf5 37. d5 Rc5 38. Ra4 Qf6 39. Qh6 Rc8 40. Re3 exd5 41. Rxh4 Qg7 42. Qf4 Qf6 43. Qg3 Ra8 44. Rd4 Be6 45. Rd1 Rc8 46. Rf3 Qg7 47. Rb1 d4 48. Rxb6 Qh6 49. Rb1 Bd5 50. Qg4 Qf8 51. Rd3 Be6 52. Qxd4 Bf5 53. Rbd1 Bxd3 54. Rxd3 Rb8 55. Rh3 Qg7 56. Qxg7+ Kxg7 57. Re3 Rb2 58. g3 Rc2 59. Rd3 Kf6 60. Kg2 Ke5 61. Kf3 g5 62. Ke3 g4 63. f3 gxf3 64. Kxf3 f5 65. Re3+ Kf6 66. Kf4 Rf2+ 67. Rf3 Rc2 68. Rd3 Rc1 69. Rd6+ Ke7 70. Rc6 Rf1+ 71. Ke3 Re1+ 72. Kf2 Rc1 73. c4 Rc3 74. Kg2 Kf7 75. c5 Ke7 76. Rc7+ Ke6 77. c6 Kd6 78. Rd7+ Ke6 79. Rc7 Kd6 1/2-1/2

[Event "CZE-ch Juniors FIDE op"]
[Site "Kouty nad Desnou"]
[Date "2020.03.12"]
[Round "7"]
[White "Broz, Petr"]
[Black "Novotny, David"]
[Result "1-0"]
[WhiteElo "1976"]
[BlackElo "1910"]
[PlyCount "37"]
[EventDate "2020.03.07"]
[EventType "swiss"]
[EventRounds "7"]
[EventCountry "CZE"]
[SourceTitle "CBM 195 Extra"]
[Source "ChessBase"]
[SourceDate "2020.05.31"]
[SourceVersion "1"]
[SourceVersionDate "2020.05.31"]
[SourceQuality "1"]

1. e4 e6 2. Nf3 d5 3. e5 c5 4. b4 b6 5. bxc5 bxc5 6. d4 Ba6 7. Bxa6 Nxa6 8. 0-0 cxd4 9. c3 Nc5 10. cxd4 Nd7 11. Ng5 Ne7 12. Qf3 Nf5 13. g4 Nh6 14. Nc3 Rc8 15. Re1 Bb4 16. Nb5 0-0 17. Bf4 Bxe1 18. Rxe1 Rc2 19. Qd3 1-0

[Event "Morava-ch U16"]
[Site "Loucna nad Desnou"]
[Date "2017.10.26"]
[Round "5"]
[White "Halamicek, Radek"]
[Black "Broz, Petr"]
[Result "0-1"]
[WhiteElo "1658"]
[BlackElo "1728"]
[PlyCount "74"]
[EventDate "2017.10.24"]
[EventType "swiss"]
[EventRounds "9"]
[EventCountry "CZE"]
[SourceTitle "EXT 2020"]
[Source "ChessBase"]
[SourceDate "2019.10.17"]
[SourceVersion "1"]
[SourceVersionDate "2019.10.17"]
[SourceQuality "1"]

1. e4 e5 2. Nf3 Nf6 3. Nxe5 d6 4. Nf3 Nxe4 5. d4 d5 6. Bd3 Nc6 7. 0-0 Be7 8. Re1 Bg4 9. c3 f5 10. Nbd2 0-0 11. Nf1 Bd6 12. Ne3 Kh8 13. Nxg4 fxg4 14. Bxe4 dxe4 15. Bg5 Qe8 16. Ne5 Nxe5 17. Rxe4 Nf3+ 18. gxf3 Qh5 19. Rxg4 Qxh2+ 20. Kf1 Qh1+ 21. Rg1 Qh3+ 22. Rg2 Rxf3 23. Kg1 Raf8 24. Qd2 h6 25. Be3 R8f5 26. Re1 Rh5 27. Kf1 Rh4 28. Bxh6 Rxh6 29. Qg5 Qd7 30. Re8+ Rf8 31. Re4 Rh1+ 32. Ke2 Re8 33. Rxe8+ Qxe8+ 34. Kd3 Qf7 35. Qd8+ Qf8 36. Qg5 Qf3+ 37. Kc4 b5+ 0-1

[Event "CZE-ch U16"]
[Site "Kouty nad Desnou"]
[Date "2017.03.14"]
[Round "5"]
[White "Chlebek, Jan"]
[Black "Broz, Petr"]
[Result "1-0"]
[WhiteElo "1789"]
[BlackElo "1645"]
[PlyCount "41"]
[EventDate "2017.03.11"]
[EventType "swiss"]
[EventRounds "9"]
[EventCountry "CZE"]
[SourceTitle "CBM 177 Extra"]
[Source "ChessBase"]
[SourceDate "2017.04.27"]
[SourceVersion "1"]
[SourceVersionDate "2017.04.27"]
[SourceQuality "1"]

1. e4 e5 2. Nf3 Nf6 3. Nxe5 d6 4. Nf3 Nxe4 5. d4 d5 6. Bd3 Nc6 7. 0-0 Be7 8. Re1 Bg4 9. Nc3 Nxc3 10. bxc3 0-0 11. h3 Bh5 12. Bxh7+ Kxh7 13. Ng5+ Bxg5 14. Qxh5+ Bh6 15. g4 Qd7 16. g5 Qf5 17. Qh4 Qxc2 18. gxh6 Qg6+ 19. Kh2 gxh6 20. Rg1 Qd6+ 21. Bf4 1-0

[Event "CZE-ch U16"]
[Site "Kouty nad Desnou"]
[Date "2017.03.11"]
[Round "1"]
[White "Broz, Petr"]
[Black "Skalsky, Alexandr"]
[Result "0-1"]
[WhiteElo "1645"]
[BlackElo "2024"]
[PlyCount "52"]
[EventDate "2017.03.11"]
[EventType "swiss"]
[EventRounds "9"]
[EventCountry "CZE"]
[SourceTitle "CBM 177 Extra"]
[Source "ChessBase"]
[SourceDate "2017.04.27"]
[SourceVersion "1"]
[SourceVersionDate "2017.04.27"]
[SourceQuality "1"]

1. e4 c5 2. Nf3 d6 3. d4 cxd4 4. Qxd4 Nc6 5. Bb5 Bd7 6. Bxc6 Bxc6 7. Nc3 Nf6 8. Bg5 e6 9. 0-0-0 Be7 10. Rhe1 Qa5 11. Kb1 0-0-0 12. Qd2 Kb8 13. Nd4 Rc8 14. Nxc6+ Rxc6 15. e5 dxe5 16. Rxe5 Qa6 17. Ree1 Rhc8 18. Bf4+ Ka8 19. Re3 Bb4 20. a3 Bxc3 21. Rxc3 Ne4 22. Qd7 Nxc3+ 23. bxc3 Rb6+ 24. Kc1 Qxa3+ 25. Kd2 Qxc3+ 26. Ke2 Qxc2+ 0-1